000 00739nam a22002177a 4500
999 _c13098
_d13098
003 AR-CdUCM
008 190409b ||||| |||| 00| 0 spa d
020 _a978-0-545-45885-6
040 _aMUNICIPALIDAD PROVINCIAL DEL CUSCO
_cBIBLIOTECA MUNICIPAL DEL CUSCO
082 _aEP / 611 /
_bP59
100 _aPinnington, Andrea
_931296
245 _aScholastic, explora tu mundo :
_bMi cuerpo /
260 _aSingapur :
_bFirst spanish edition,
_c2012.
300 _a32 paginas
_c23 cm.
505 _aContenido :El pelo -- La piel -- Los huesos -- Respirara -- Sangre ...
650 _aCuerpo humano
_918643
650 _aCiencias naturales
_910176
700 _aLamprell, Penny
_931297
942 _2ddc
_cLIBROS
945 _arum
_d2019-04-11